Dokonalá konkurence na internetu

Pojem dokonalá konkurencia. Internet ako prostredie, v ktorom je možné realizovať obchodné transakcie. Podmienky prekážok vstupu na trh v tomto prostredí. Dokonalé informácie. Smery vývoja.

Gespeichert in:
Bibliographische Detailangaben
1. Verfasser: Víšek, Ondřej
Format: Buchkapitel
Sprache:Tschechisch
Schlagworte:
Tags: Tag hinzufügen
Keine Tags, Fügen Sie das erste Tag hinzu!

MARC

LEADER 00000naa$a2200000$$$4500
001 0070778
005 20230929093532.2
041 0 |a cze 
044 |a CZ 
245 1 0 |a Dokonalá konkurence na internetu  |c Ondřej Víšek 
520 |a Pojem dokonalá konkurencia. Internet ako prostredie, v ktorom je možné realizovať obchodné transakcie. Podmienky prekážok vstupu na trh v tomto prostredí. Dokonalé informácie. Smery vývoja. 
610 2 0 |a konkurencia 
610 2 0 |a trh voľný 
610 2 0 |a internet 
610 2 0 |a informácie 
610 2 0 |a technológie informačné 
610 2 0 |a systémy informačné 
100 1 |a Víšek, Ondřej